000 00707nam a2200289Ia 4500
005 20260324131024.0
008 008 260324s9999 xx 000 0 eng d
020 _a9780203954829
037 _aEBOOK
040 _aCRL
040 _beng
040 _cCRL
041 _2eng
041 _aeng
084 _qCRL
100 _aDavid Carey Jr.
_91183921
245 0 _aEngendering Mayan History
245 0 _bKaqchikel Women as Agents and Conduits of the Past, 1875-1970
260 _bTaylor and Francis
260 _c2006
365 _a
365 _b230
856 _uhttp://www.taylorfrancis.com/books/9780203954829
942 _cEBOOK
999 _c1780715
_d1780715